Díváme se na obrazy /

Uložené v:
Podrobná bibliografia
Hlavní autori: Zykmund, Václav 1914-1984 (Author), Zykmundová, Anna, 1913- (Author)
Médium: Kniha
Jazyk:Czech
Vydané: Praha : Nakladatelství československých výtvarných umělců, 1956.
Vydanie:1. vyd.
Edícia:Umění lidu sv. 1
ISBN: (viaz.)
Fyzický popis: 67 s. : obr.
Tagy: Pridať tag
Žiadne tagy, Buďte prvý kto otaguje tento záznam!

MARC

LEADER 00000cam a22000007a 4500
001 000293721
005 20091217195547.0
008 950828s1956 xr r cze d
020 |a (viaz.) 
040 |a SVKKK  |b slo  |c SVKKK  |e AACR2 
041 0 |a cze 
044 |a xr  |c CZ 
100 1 |a Zykmund, Václav  |d 1914-1984  |4 aut 
245 1 0 |a Díváme se na obrazy /  |c Anna a Václav Zykmundovi. 
250 |a 1. vyd. 
260 |a Praha :  |b Nakladatelství československých výtvarných umělců,  |c 1956. 
300 |a 67 s. :  |b obr. 
490 1 |a Umění lidu  |v sv. 1 
700 1 |a Zykmundová, Anna,  |d 1913-  |4 aut 
830 0 |a Umění lidu  |v sv. 1 
910 |a svkkk 
998 |a BK 
090 |g SCKHL  |k Sklad Pribinova 2. posch.  |a III.27654  |j 128965  |i 2720131470  |s Prezenčne 
090 |g SCKHL  |k Sklad Pribinova 2. posch.  |a III.35062  |j 135286  |i 2720348502  |4 Duplikát  |s Vyradená